LEADER 01383nam0 22003013i 450 001 BVE0108685 005 20251003044056.0 100 $a20220919d1996 ||||0itac50 ba 101 | $aita 102 $ait 181 1$6z01$ai $bxxxe 182 1$6z01$an 183 1$6z01$anc$2RDAcarrier 200 1 $aˆLa ‰Raimondi costruzioni meccaniche$evicende e protagonisti di una impresa modenese$edalle origini ai primi anni settanta$fGiuliano Muzzioli, Giacomo Villano 210 $a[Modena]$cRCM$dstampa 1996 215 $a238 p.$cill.$d23 cm. 606 $aRaimondi Costruzioni Meccaniche $2FIR$3BVEC077867$9I 676 $a629.222$9AUTOVETTURE$v23 700 1$aMuzzioli$b, Giuliano$3CFIV053482$4070$0136669 701 1$aVillano$b, Giacomo$3BVEV044838$4070$01254979 801 3$aIT$bIT-000000$c20220919 850 $aIT-BN0095 901 $bNAP 01$cPOZZO LIB.$nVi sono collocati fondi di economia, periodici di ingegneria e scienze, periodici di economia e statistica e altri fondi comprendenti documenti di economia pervenuti in dono. 912 $aBVE0108685 950 0$aBiblioteca Centralizzata di Ateneo$c1 v.$d 01POZZO LIB.F. ASSANTE 148$e 0101 0060012825E VMA 1 v. (Precedente collocazione A 151)$fB $h20220919$i20220919 977 $a 01 996 $aRaimondi costruzioni meccaniche$92909719 997 $aUNISANNIO